| 000 | 00597nam a2200193 a 4500 | ||
|---|---|---|---|
| 005 | 20210223121922.0 | ||
| 008 | 991125s1996 mx 000 0 spa u | ||
| 020 | _a9686177795 | ||
| 035 | _aUPN01000026124 | ||
| 049 | _aCG | ||
| 050 | 4 |
_aB1875 _bV33 |
|
| 100 | 1 | _aValles Santo Tomás, Alejandro | |
| 245 | 1 | 3 |
_aEl geómetra de la razón : _bRené Descartes / _cAlejandro Valles Santo Tomás. |
| 260 |
_aMéxico : _bPANGEA, _c1996. |
||
| 300 |
_a102 p. : _bil. |
||
| 440 | 0 | _aViajeros del conocimiento | |
| 600 | 1 | 4 |
_aDESCARTES, RENE, _d1596-1650 - _xCRITICA E INTERPRETACION _97879 |
| 905 | _aLibro | ||
| 999 |
_c26124 _d26124 |
||